| 000 | 00888nas a2200289 4500 | ||
|---|---|---|---|
| 001 | BR9512345 | ||
| 003 | BR-BrBNA | ||
| 005 | 20231205095631.0 | ||
| 007 | ta | ||
| 008 | 230509b bl.|||p| |||| 00| 00por d | ||
| 040 |
_aBR-BrBNA _bpor _cBiblioteca Nacional de Agricultura |
||
| 041 | _a(Pt) | ||
| 072 | _aF03; H20 | ||
| 100 | 1 | _aOliveira, J.A. | |
| 100 | 1 | _aMachado, J. da C. | |
| 100 | 1 | _aVieira, M. das G.G.C. | |
| 245 | 1 | _aEfeito do tratamento fungicida em sementes de pepino, visando o controle de alguns fungos de solo, causadores de tombamento | |
| 650 | _aPepino | ||
| 650 | _aSemente | ||
| 650 | _aFungicida | ||
| 650 | _aFungo | ||
| 650 | _aSolo | ||
| 650 | _aTombamento de Planta | ||
| 773 | 0 |
_tFitopatologia Brasileira (Brazil) _xISSN 0100-4158 _g(Sep 1995), v. 20(3) p. 401-405 _wBR9512345 |
|
| 909 |
_a202311 _bLúcia _c55 _dLúcia Elande |
||
| 942 |
_2AGRIS _n0 _cANA |
||
| 999 |
_c151833 _d151833 |
||